000 00717cam a2200229 a 4500
001 3485246
005 20180207044713.0
008 940112s1994 nyua 001 0 eng
010 _a 94002116
020 _a0679412905 :
_c$35.00
040 _aDLC
_cDLC
_dDLC
041 _aeng
080 _a616 JAM
082 0 0 _a616 JAM
_220
100 _a3
101 _aSHM
245 0 4 _aThe American Medical Association family medical guide /
_cmedical editor, Charles B. Clayman.
246 3 0 _aFamily medical guide
906 _a7
_bcbc
_corignew
_d1
_eocip
_f19
_gy-gencatlg
942 _2ddc
_cBK
999 _c41989
_d41989